Normal view
MARC view
Entry Topical Term
001 - CONTROL NUMBER
- control field: 1296994
003 - CONTROL NUMBER IDENTIFIER
- control field:
005 - DATE AND TIME OF LATEST TRANSACTION
- control field: 20210630051550.0
008 - FIXED-LENGTH DATA ELEMENTS
- fixed length control field: 210630|| aca||aabn | a|a d
040 ## - CATALOGING SOURCE
- Original cataloging agency:
- Transcribing agency:
150 ## - HEADING--TOPICAL TERM
- Topical term or geographic name entry element: Busines economics
670 ## - SOURCE DATA FOUND
- Source citation: Work cat.: ()1363346: Sharma , Vineeta 1296993, Productivity and profitability of scheduled commercial banks in India /, 2014
